|
|
|
|
| LEADER |
00800nab a2200193 i 4500 |
| 001 |
misc11067 |
| 005 |
20191106142120.0 |
| 008 |
170607s1937 hu o 0|| hun d |
| 022 |
|
|
|a 0025-0260
|
| 040 |
|
|
|a SZTE Miscellanea Repozitórium
|b hun
|
| 041 |
|
|
|a hun
|
| 100 |
1 |
|
|a Gyulai Ágost
|
| 245 |
1 |
0 |
|a Szentpétery Imre
|h [elektronikus dokumentum] :
|b A bölcsészettudományi kar története 1635—1937 : [könyvismertetés] /
|c Gyulai Ágost
|
| 260 |
|
|
|c 1937
|
| 300 |
|
|
|a 264-268
|
| 490 |
0 |
|
|a Magyar pedagógia : a Magyar Tudományos Akadémia Pedagógiai Bizottságának folyóirata
|v 46
|
| 695 |
|
|
|a Felsőoktatás - Magyarország - 17-20. sz., Pázmány Péter Tudományegyetem
|
| 700 |
0 |
1 |
|a Szentpétery Imre
|
| 856 |
4 |
0 |
|u http://misc.bibl.u-szeged.hu/11067/1/mp_1937_3677_264-268.pdf
|z Dokumentum-elérés
|